| 000 | 00857nam2a2200229 4500 | ||
|---|---|---|---|
| 001 | rc\2641640 | ||
| 005 | 20260315042611.0 | ||
| 035 | _a(NLR Aleph) 006949554 | ||
| 090 |
_a13561515 _c13561515 |
||
| 100 | _a20110606d1928 u y0rusy50 ca | ||
| 101 | 0 | _arus | |
| 102 | _aRU | ||
| 105 | _aa z ||||| | ||
| 200 | 0 | _aСб. 1 | |
| 210 | _d1928 | ||
| 215 |
_a76 с. _cил. |
||
| 461 | 0 |
_1001rc\2641639 _12000#$aБелорусская культура$eСборник 1-$fБелорус. о-во культурной связи с заграницей$vСб. 1 _95233416 _cМинск _d1928 _fБелорус. о-во культурной связи с заграницей _nБ. и. _oСборник 1- _tБелорусская культура _vСб. 1 |
|
| 801 | 0 |
_aRU _bNLR _gpsbo |
|
| 801 | 1 |
_aRU _bELAR _2rusmarc |
|
| 852 |
_aNLR _j64/14 |
||
| 942 | _cUNSPEC | ||
| 980 | _aNB | ||